Visual Memory Test - Countries on a World Map - Statistics

General Stats
  • This quiz has been taken 67,322 times
  • The average score is 10 of 15
Answers on the Map
Answers color-coded by a green-red scale on the quiz's map according to % correct below.
 
Answer Stats
Country % Correct
United States
99%
Canada
98%
Russia
96%
Brazil
92%
Mexico
92%
China
90%
Denmark
90%
Argentina
85%
Chile
84%
France
84%
United Kingdom
84%
Australia
82%
India
81%
Norway
81%
Peru
81%
Germany
79%
Sweden
79%
Colombia
78%
Bolivia
77%
Spain
77%
Iceland
76%
Indonesia
76%
Venezuela
76%
Finland
75%
Bahamas
74%
Italy
74%
Kazakhstan
74%
Kiribati
74%
Ecuador
73%
Democratic Republic of the Congo
72%
Paraguay
72%
Poland
72%
Algeria
71%
Ireland
71%
Japan
71%
Mongolia
71%
South Africa
70%
Iran
69%
Sudan
69%
Uruguay
69%
Guatemala
68%
Honduras
68%
Ukraine
68%
Austria
67%
Guyana
67%
Mali
67%
Nicaragua
67%
Turkey
67%
Egypt
66%
Morocco
66%
Portugal
66%
Chad
65%
Cuba
65%
New Zealand
65%
Niger
65%
Czech Republic
64%
Federated States of Micronesia
64%
Latvia
64%
Libya
64%
Netherlands
64%
Pakistan
64%
Papua New Guinea
64%
Saudi Arabia
64%
Suriname
64%
Belarus
63%
Cape Verde
63%
Philippines
63%
Thailand
63%
Vietnam
63%
Belgium
62%
Lithuania
62%
Malaysia
62%
Maldives
62%
Romania
62%
South Korea
62%
Estonia
61%
Mauritania
61%
Nigeria
61%
Switzerland
61%
Hungary
60%
Mozambique
60%
Myanmar
60%
Slovakia
60%
Fiji
59%
Laos
59%
Namibia
59%
Uzbekistan
59%
Angola
58%
Central African Republic
58%
Greece
58%
North Korea
58%
South Sudan
58%
Iraq
57%
Kyrgyzstan
57%
Panama
57%
Senegal
57%
Serbia
57%
Tanzania
57%
Vanuatu
57%
Afghanistan
56%
Botswana
56%
Bulgaria
56%
Croatia
56%
Dominican Republic
56%
Ivory Coast
56%
Madagascar
56%
Nepal
56%
Solomon Islands
56%
Somalia
56%
Bosnia and Herzegovina
55%
Ethiopia
55%
Republic of the Congo
55%
Turkmenistan
55%
Zambia
55%
Bangladesh
54%
Benin
54%
Cambodia
54%
Ghana
54%
Marshall Islands
54%
Oman
54%
Palau
54%
São Tomé and Príncipe
54%
Syria
54%
Cameroon
53%
Kenya
53%
Sri Lanka
53%
Tajikistan
53%
Zimbabwe
53%
Burkina Faso
52%
Seychelles
52%
Tunisia
52%
Yemen
52%
Gabon
51%
Guinea
51%
Mauritius
51%
Samoa
51%
Tonga
51%
Moldova
50%
Tuvalu
50%
Azerbaijan
49%
Jordan
49%
Lesotho
49%
Nauru
49%
Sierra Leone
49%
Georgia
48%
Liberia
48%
Uganda
48%
Bhutan
47%
Comoros
47%
Eritrea
47%
Malawi
46%
United Arab Emirates
45%
Taiwan
44%
Armenia
39%
No matching quizzes found
Score Distribution
Percent of People with Each Score
Percentile by Number Answered
Your Score History
You have not taken this quiz